000 00876cam a22002294a 4500
005 20260205121616.0
008 050912s2005 miua b 001 0 eng
020 _a9780880992830
020 _a9780880992808
020 _a9780880992817
020 _a0880992816
040 _aKABLIB
_cKABLIB
_erda
082 0 0 _a658.3124
_223
_bBER
100 1 _aBernick, Michael,
_d1953-
_915228
245 1 0 _aJob training that gets results :
_bten principles of effective employment programs /
_cMichael Bernick.
260 _aKalamazoo, Mich. :
_bW.E. Upjohn Institute for Employment Research,
_cc2005.
300 _axiii, 273 p. :
_bill. ;
_c23 cm.
504 _aIncludes bibliographical references (p. 243-254), index.
650 0 _aOccupational training
_zUnited States.
_915229
856 4 1 _3Table of contents
_uhttp://www.loc.gov/catdir/toc/ecip0519/2005026538.html
942 _2ddc
_cBOOK
999 _c6026
_d6026